LEADER 00877nam0-22002771i-450- 001 990003200470403321 035 $a000320047 035 $aFED01000320047 035 $a(Aleph)000320047FED01 035 $a000320047 100 $a20000920d--------km-y0itay50------ba 101 0 $aita 102 $aIT 200 1 $aSome Notes on Long-Run Capacity Utilisation, Steady State and Induced Investment$fby Attilio Trezzini 225 1 $aWorking Papers$fDipartimento di Economia. Università degli Studi Roma Tre$v98.10 610 0 $aCrescita economica$aTeorie 676 $aF/3.3 702 1$aTrezzini,$bAttilio 801 0$aIT$bUNINA$gRICA$2UNIMARC 901 $aBK 912 $a990003200470403321 952 $aPaper$fSES 959 $aSES 996 $aSome Notes on Long-Run Capacity Utilisation, Steady State and Induced Investment$9452987 997 $aUNINA DB $aING01 LEADER 01700nam 22005534a 450 001 9910450508903321 005 20200520144314.0 010 $a1-56881-407-0 035 $a(CKB)1000000000016359 035 $a(CtWfDGI)bks00015572 035 $a(SSID)ssj0000283442 035 $a(PQKBManifestationID)11912538 035 $a(PQKBTitleCode)TC0000283442 035 $a(PQKBWorkID)10249921 035 $a(PQKB)10575073 035 $a(MiAaPQ)EBC3059466 035 $a(MiAaPQ)EBC4067525 035 $a(Au-PeEL)EBL3059466 035 $a(CaPaEBR)ebr10158038 035 $a(OCoLC)922955550 035 $a(EXLCZ)991000000000016359 100 $a20020325d2002 uy 0 101 0 $aeng 135 $aurzn|||||| 181 $ctxt 182 $cc 183 $acr 200 10$aReal sound synthesis for interactive applications$b[electronic resource] /$fPerry R. Cook 210 $aNatick, Mass. $cA K Peters$dc2002 215 $axvii, 263 p. $cill 300 $aIncludes and index. 311 $a1-56881-168-3 320 $aIncludes bibliographical references and index. 606 $aSound$xRecording and reproducing$xDigital techniques 606 $aComputer sound processing 606 $aInteractive multimedia 608 $aElectronic books. 615 0$aSound$xRecording and reproducing$xDigital techniques. 615 0$aComputer sound processing. 615 0$aInteractive multimedia. 676 $a621.389/3 700 $aCook$b Perry R$0950882 801 0$bMiAaPQ 801 1$bMiAaPQ 801 2$bMiAaPQ 906 $aBOOK 912 $a9910450508903321 996 $aReal sound synthesis for interactive applications$92149737 997 $aUNINA